000 01090 a2200265 4500
003 Nust
005 20221007184825.0
010 _a 2004046459
020 _a1402078838 (alk. paper)
020 _a1402078846 (eBook)
040 _cNust
082 0 0 _a681.2,WIR
245 0 0 _aWireless sensor networks /
_cedited by C.S. Raghavendra, Krishna M. Sivalingam, Taieb Znati.
260 _aBoston :
_bSpringer Publishers,
_cc2004.
300 _axv, 426 p. :
_bill. ;
_c25 cm.
505 _aPart 1: Basics (Page-1), Part 2: Network Protocols (Page-71), Part 3: Data Storage and Manipulation (Page-183), Part 4: Security (Page-251), Part 5: Applications (Page-373).
650 0 _aSensor networks.
_994573
650 0 _aWireless LANs.
_994460
700 1 _aRaghavendra, C. S.
_999547
700 1 _aSivalingam, Krishna M.
_999548
700 1 _aZnati, Taieb F.
_999549
856 4 2 _3Publisher description
_uhttp://www.loc.gov/catdir/enhancements/fy0821/2004046459-d.html
856 4 2 _3Table of contents only
_uhttp://www.loc.gov/catdir/enhancements/fy0821/2004046459-t.html
942 _cREF
_2ddc
999 _c179742
_d179742